000
00266nam a2200121Ia 4500
008
230901s2013 xx 000 0 und d
041
_a
mar
082
_a
810/BEN
100
_a
DR. ANYE BENZAT
245
_a
BHARTIYA YOUDACHI KATA
260
_c
2013
300
_a
184
999
_c
870201
_d
870201